zpět

Detail výsledku týmu

Hells Bells Beer Pub, Praha

Datum a čas kvízu

16 Celkem bodů Celkový počet nahraných bodů na tomto kvízu bez doplňovacích otázek.
11. Pořadí na kvízu Konečné umístění týmu na tomto kvízu.

Zaznamenané odpovědi

# Otázka Odpověď Body Výsledky
1. Na podzim by se měla změnit pr... 0
2. Čtyřiašedesátiletý Andrés Manu... 0
3. Do Karlových Varů v úterý přij... 0
4. Minulý týden jsme měli téma na... 0
5. Jak se jmenuje běloruská tenis... 0
6. Na probíhajícím mistrovství sv... 0
7. Harry Jelínek byl známý podvod... 1
8. Napište adresu domu, který pat... 0
9. Americký prezident Harry Truma... 1
10. Se kterou hudební skupinou je... 1